000
00361nam a2200145 a 4500
005
20140414132115.0
008
100726s19uu xx 00 eng d
050
_a
REF 031
_b
Q3 2001
100
_a
245
_a
Question and answer game book.
260
_a
New York :
_b
Playmore,
_c
2001.
650
_a
Questions and answers.
650
_a
999
_c
114888
_d
114888